| 000 | 00884nmm a2200313 a 4500 | ||
|---|---|---|---|
| 003 | AR-BaBNM | ||
| 005 | 20251128210303.0 | ||
| 008 | 029019s1971 ||||||||||||||000 | spa|| | ||
| 020 | _a0-13-281295-9 | ||
| 040 | _cAR-BaBNM | ||
| 100 | 1 | _aWeber, Lillian | |
| 245 | 1 | 0 | _aThe english infant school and informal education |
| 260 |
_aNew Jersey _bCenter for Urban Education _bPrentice-Hall _c1971 |
||
| 300 | _axii, 276 p. | ||
| 504 | _aContiene bibliografía p. 252-269 | ||
| 600 | 1 | 4 | _aBruner, Jerome S. |
| 600 | 1 | 4 | _aBernstein, Basil B. |
| 650 | 4 | _aJUEGO | |
| 650 | 4 | _aPROCESO DE APRENDIZAJE | |
| 650 | 4 | _aDESARROLLO INTELECTUAL | |
| 650 | 4 | _aORGANIZACION ESCOLAR | |
| 650 | 4 | _aEDUCACION NO FORMAL | |
| 651 | 4 | _aEstados Unidos | |
| 653 | _aEDUCACION INICIAL | ||
| 653 | _aJARDINES MATERNALES | ||
| 653 | _aMODELOS EDUCATIVOS | ||
| 942 | _cBK | ||
| 998 | _cRaquel | ||
| 999 |
_c14800 _d14800 |
||